000 01391nam a2200373 i 4500
001 195966
003 ES-MaACL
005 20250825062655.0
008 240804s1967 gw a || 000 ||ger|c
017 _aB 33137-1967
035 _a(ES-BaCBU).b20122639
035 _a(OCoLC)805724481
035 _a991038596109706706
040 _aES-BaCBU
_bcat
_cES-BaCBU
_dES-MaACL
100 0 _aEl Greco
_946893
_eaut
245 1 3 _aEl Greco /
_cLeo Bronstein ; traducción de Rafael Santos Torroella.
260 _aKöln :
_bDuMont Schauberg,
_c1967.
300 _a120 p. :
_bil. col.
_c32 cm.
336 _2rdacontent
_atexto
337 _2rdamedia
_asin mediación
338 _2rdacarrier
_avolumen
490 1 _aBiblioteca de grandes pintores
600 0 4 _946893
_aEl Greco
655 7 _2tgfbne
_aLibros ilustrados
_9193653
700 0 _9103536
_aSantos Torroella, Rafael
_etrl
700 _9237737
_aBronstein, Léo
_eaut
830 0 _aBiblioteca de grandes pintores
_9240024
852 _aES-MaACL
_bR.153058
_cDEPOJ
_jN-9097
_hDonación: Carlos d'Ors Führer
_xEncuadernación cartoné
_zQuizá tuvo sobrecubiertas en su momento
_9204998
903 _987369
_aOrs Führer, Carlos d'
_ednr
942 _cMONOGRAFIA
_n0
999 _c195966
_d195966